The FIDIC forms of contract (Record no. 104127)

MARC details
000 -LEADER
fixed length control field 01844cad a2200325 4500
001 - CONTROL NUMBER
control field L129211
008 - FIXED-LENGTH DATA ELEMENTS--GENERAL INFORMATION
fixed length control field 050401n2005 000 0 eng u
020 ## - INTERNATIONAL STANDARD BOOK NUMBER
International Standard Book Number 9781405172394
035 ## - SYSTEM CONTROL NUMBER
System control number (Sirsi) u129211
041 ## - LANGUAGE CODE
Language code of text/sound track or separate title eng
050 ## - LIBRARY OF CONGRESS CALL NUMBER
Classification number 624.08
-- 18
100 ## - MAIN ENTRY--PERSONAL NAME
Personal name Bunni, Nael G.
245 #4 - TITLE STATEMENT
Title The FIDIC forms of contract
Remainder of title the fourth edition of the Red Book, 1992, the 1996 supplement, the 1999 Red Book, the 1999 Yellow Book, the 1999 Silver Book
Medium [electronic resource]
250 ## - EDITION STATEMENT
Edition statement 3rd ed.
260 ## - PUBLICATION, DISTRIBUTION, ETC.
Place of publication, distribution, etc. Oxford
Name of publisher, distributor, etc. Blackwell
Date of publication, distribution, etc. 2005
300 ## - PHYSICAL DESCRIPTION
Extent eBook
350 ## - PRICE (NR) (BK AM CF MU VM SE) [OBSOLETE]
Price 99.50
520 ## - SUMMARY, ETC.
Summary, etc. Gives guidance on the FIDIC suite of contracts which were launched in September 1999. Considers the new concepts adopted and how they interact with the previous forms. Includes a comparison of the wording of the 1999 three main forms and an analysis of the rights and obligations of the parties involved in the contract and the allocation of risks involved.
520 ## - SUMMARY, ETC.
Summary, etc. Supersedes second edition (ISBN 0632040793).
590 ## - LOCAL NOTE (RLIN)
Local note IKA210605
650 ## - SUBJECT ADDED ENTRY--TOPICAL TERM
Topical term or geographic name entry element FIDIC CONDITIONS OF CONTRACT FOR WORKS OF CIVIL ENGINEERING CONSTRUCTION FOURTH EDITION
650 ## - SUBJECT ADDED ENTRY--TOPICAL TERM
Topical term or geographic name entry element FIDIC CONDITIONS OF CONTRACT FOR CONSTRUCTION FOR BUILDING AND ENGINEERING WORKS DESIGNED BY THE EMPLOYER (1999 EDITION)
650 24 - SUBJECT ADDED ENTRY--TOPICAL TERM
Topical term or geographic name entry element EBOOK
650 ## - SUBJECT ADDED ENTRY--TOPICAL TERM
Topical term or geographic name entry element FIDIC CONDITIONS OF CONTRACT FOR PLANT AND DESIGN-BUILD FOR ELECTRICAL AND MECHANICAL PLANT AND FOR BUILDING AND ENGINEERING WORKS DESIGNED BY THE CONTRACTOR 1999 EDITION
650 ## - SUBJECT ADDED ENTRY--TOPICAL TERM
Topical term or geographic name entry element FIDIC CONDITIONS OF CONTRACT FOR EPC/TURNKEY PROJECTS 1999 EDITION
650 ## - SUBJECT ADDED ENTRY--TOPICAL TERM
Topical term or geographic name entry element FIDIC SHORT FORM OF CONTRACT 1999 EDITION
690 ## - LOCAL SUBJECT ADDED ENTRY--TOPICAL TERM (OCLC, RLIN)
Topical term or geographic name as entry element BUILT ENVIRONMENT-BUILDING CONTRACT FORMS-STANDARD FORMS OF BUILDING CONTRACT
856 ## - ELECTRONIC LOCATION AND ACCESS
Uniform Resource Identifier <a href="https://www.vlebooks.com/">https://www.vlebooks.com/</a>
Public note View on VLEbooks. Logins for members only from [email protected]
942 ## - ADDED ENTRY ELEMENTS (KOHA)
Suppress in OPAC 0
Holdings
Withdrawn status Lost status Damaged status Not for loan Home library Current library Shelving location Date acquired Cost, normal purchase price Total Checkouts Full call number Barcode Date last seen Date last checked out Copy number Cost, replacement price Price effective from Koha item type Source of classification or shelving scheme
  Missing from bundle     London London Books 17/06/2005 84.57 37 624.08 BUN 30069893 06/08/2019 19/02/2010 1 84.57 06/08/2019 Book  
        Virtual Virtual Online 23/11/2010 176.84   EBOOK 129211-3001 06/08/2019   1 176.84 06/08/2019 Book Dewey Decimal Classification